Lyrics - Heart to heart by Mac Demarco - Statistics

General Stats
  • This quiz has been taken 129 times
  • The average score is 74 of 92
Answer Stats
Answer % Correct
To
99%
To
99%
to
99%
to
99%
to
99%
to
99%
to
99%
to
99%
to
99%
To
99%
To
99%
to
99%
Heart
98%
heart
98%
Heart
98%
heart
98%
Heart
98%
heart
98%
Heart
98%
heart
98%
Heart
98%
heart
98%
Heart
98%
heart
98%
Heart
98%
heart
98%
Heart
98%
heart
98%
a
94%
a
94%
a
94%
the
92%
the
92%
the
92%
the
92%
the
92%
we
92%
we
92%
we
92%
we
92%
we
92%
all
88%
all
88%
all
88%
all
88%
days
88%
days
88%
together
88%
together
88%
I
86%
time
84%
time
84%
were
84%
were
84%
were
84%
each
83%
each
83%
each
83%
other's
81%
other's
81%
other's
81%
part
80%
part
80%
lives
76%
lives
76%
lives
76%
Of
72%
Of
72%
so
68%
So
68%
so
68%
And
67%
And
67%
and
67%
had
61%
it
59%
easy
54%
In
54%
never
54%
saw
53%
start
53%
arrival
52%
late
52%
quick
50%
Walking
50%
parallels
47%
Sentimentally
47%
seems
46%
assumed
42%
though
41%
played
36%
x9
2%
No matching quizzes found
Score Distribution
Percent of People with Each Score
Percentile by Number Answered
Your Score History
You have not taken this quiz